000 00343nam a2200157Ia 4500
100 _aRao/P.N/ Tewari/N.K
650 _aCAM
942 _cBK
366 _f17.5
654 _aaided
245 _aComputer Aided Manufacturing
260 _bCengage Learning
_aMumbai
_c2007
082 _a670.427/RAO
_bRAO
300 _a297
546 _aENGLISH
999 _c18787
_d18787